Estatísticas para Cultura Geral

Clique aqui para jogar o quiz

Estatísticas Gerais

  • Esse quiz foi jogado 24 vezes
  • A pontuação média é 4 de 15

Estatísticas das Respostas

HintResposta% Correto
Nova Iorque é a cidade mais populosa de que país?Estados Unidos
79%
Qual é a capital do Uruguai?Montevidéu
74%
Em que país fica a sede da Cartier?França
42%
Em que cidade fica o Rockefeller Center ?Nova Iorque
37%
Qual rua de Nova York é considerada o centro da indústria financeira dos EUA?Wall Street
37%
Quem é o fundador da Cartier?Louis-François Cartier
26%
Onde fica Las Vegas Strip?Nevada
26%
Onde fica O passeio da fama?Califórnia
21%
Qual é o livro sagrado do judaísmo?Torah
21%
O que significa QI?Quociente de inteligência
16%
Em que cidade você encontraria a maior pista de esqui coberta do mundo?Dubai
11%
Onde fica Graceland?Tennessee
11%
Qual filme da Pixar de 2013 é uma prequela de Monsters Inc.?Monsters University
5%
Qual é a língua oficial do Suriname?Holanu
0%
O que significa a sigla NBC?National Broadcasting Company
0%

Distribuição das Pontuações

Percentil de Números Respondidos

Porcentagem de Pessoas com Cada Pontuação

Sua Pontuação Histórica

Você não jogou esse quiz